Actors who worked with David Leitch - Statistics

General Stats
  • This quiz has been taken 20 times
  • The average score is 19 of 52
Answer Stats
Hint Answer % Correct
Fast & Furious: Hobbs & Shaw Jason Statham
100%
Bullet Train, The Fall Guy Aaron Taylor-Johnson
88%
Bullet Train, Deadpool 2 Brad Pitt
88%
Fast & Furious: Hobbs & Shaw Dwayne Johnson
88%
Fast & Furious: Hobbs & Shaw Idris Elba
88%
The Fall Guy Ryan Gosling
88%
Deadpool 2, Fast & Furious: Hobbs & Shaw Ryan Reynolds
88%
The Fall Guy Emily Blunt
75%
Atomic Blonde James McAvoy
75%
Deadpool 2 Josh Brolin
75%
Atomic Blonde Charlize Theron
63%
Fast & Furious: Hobbs & Shaw Vanessa Kirby
63%
Bullet Train Joey King
50%
Atomic Blonde John Goodman
50%
Bullet Train Bad Bunny
38%
Fast & Furious: Hobbs & Shaw Helen Mirren
38%
Bullet Train Michael Shannon
38%
Deadpool 2 Morena Baccarin
38%
Bullet Train Sandra Bullock
38%
Deadpool 2 Terry Crews
38%
Deadpool 2 T. J. Miller
38%
The Fall Guy Winston Duke
38%
Bullet Train, Deadpool 2 Zazie Beetz
38%
Bullet Train Andrew Koji
25%
Deadpool 2, Atomic Blonde Bill Skarsgard
25%
Bullet Train Brian Tyree Henry
25%
Fast & Furious: Hobbs & Shaw Cliff Curtis
25%
Deadpool 2, Atomic Blonde, Fast & Furious: Hobbs & Shaw Eddie Marsan
25%
Bullet Train Hiroyuki Sanada
25%
Deadpool 2 Leslie Uggams
25%
Deadpool 2 Matt Damon
25%
Atomic Blonde Sofia Boutella
25%
The Fall Guy Stephanie Hsu
25%
The Fall Guy Teresa Palmer
25%
Atomic Blonde Toby Jones
25%
Deadpool 2 Alan Tudyk
13%
The Fall Guy Ben Knight
13%
Deadpool 2 Brianna Hildebrand
13%
Fast & Furious: Hobbs & Shaw Eiza González
13%
The Fall Guy Hannah Waddingham
13%
Atomic Blonde James Faulkner
13%
Deadpool 2 Julian Dennison
13%
Deadpool 2 Karan Soni
13%
Bullet Train Karen Fukuhara
13%
The Fall Guy Lee Majors
13%
Bullet Train Logan Lerman
13%
Bullet Train Masi Oka
13%
Deadpool 2, Fast & Furious: Hobbs & Shaw Rob Delaney
13%
Atomic Blonde Roland Moller
13%
Atomic Blonde Til Schweiger
13%
The Fall Guy Jason Momoa
0%
Atomic Blonde Johannes Haukur Johanneson
0%
No matching quizzes found
Score Distribution
Percent of People with Each Score
Percentile by Number Answered
Your Score History
You have not taken this quiz